A Study of English Philology/ (Record no. 209582)

MARC details
000 -LEADER
fixed length control field 00524nam a22001937a 4500
005 - DATE AND TIME OF LATEST TRANSACTION
control field 20250220125230.0
010 ## - LCCN (DPL NO)
LC control number ENG-143044
020 ## - INTERNATIONAL STANDARD BOOK NUMBER
Terms of availability 200.00
International Standard Book Number 9789382300991
035 ## - SYSTEM CONTROL NUMBER
System control number EN-126576
037 ## - SOURCE OF ACQUISITION
Source of stock number/acquisition DBAD
082 ## - DEWEY DECIMAL CLASSIFICATION NUMBER
Classification number 480
Edition number 1
100 ## - MAIN ENTRY--PERSONAL NAME
Personal name Hossain, Akam
245 ## - TITLE STATEMENT
Title A Study of English Philology/
Statement of responsibility, etc by Akam Hossain
250 ## - EDITION STATEMENT
Edition statement 1
260 ## - PUBLICATION, DISTRIBUTION, ETC. (IMPRINT)
Place of publication, distribution, etc Kolkata
Name of publisher, distributor, etc Parul
Date of publication, distribution, etc 2013
270 ## - ADDRESS
Address 8/3 Chitamoni Das Lane
City Kolkata
Postal code 700009
300 ## - PHYSICAL DESCRIPTION
Extent 320p.
Dimensions 21cm(pb).
942 ## - ADDED ENTRY ELEMENTS (KOHA)
Source of classification or shelving scheme Dewey Decimal Classification
Item type English Books
Classification part 480
Call number suffix HOS
Edition 1
Holdings
Withdrawn status Lost status Not for loan Collection code Home library Current library Date acquired Source of acquisition Cost, normal purchase price Full call number Barcode Copy number Cost, replacement price Koha item type
      Non-fiction Central Library Central Library 20/02/2025 Delivery of Books Act Division 200.00 480 HOS EN-126576 1 200.00 English Books

© Delhi Public Library
Hit Counter
free hit counter